000 01037cam a22002054a 4500
005 20250605163956.0
008 250528s ||||||||||||||||||||||||d
035 _a15461
020 _a273638297
040 _aGR-AtMCL
_bgre
_dGR-AtMCL
_eAACR2
245 1 _aProject Management / Second Edition
250 _a2nd
260 _bPrentice Hall,
_c1999
300 _a292
520 _aThe book covers both the application of strategy in projects and projects in the execution of organizational strategy. Process Design, The Nature and Context of Project Management, Strategy and Project Management, Modelling the Project System-Overview Models, Modelling the Project System-Detail models, Analyzing Plans, Project5 Execution, Project Structures-Teams and Organization, Management and Leadership in Project Environments, Control of Projects, Problem-Solving and Decision-Making, Develop the Process, Project Completion and Process Improvement.
700 1 _aMaylor Harvey
_91386
942 _cBK
999 _c1040
_d1040